| 000 | 01755nam a2200265Ia 4500 | ||
|---|---|---|---|
| 999 |
_c53819 _d53819 |
||
| 001 | 20870 | ||
| 003 | GE_BSU | ||
| 005 | 20210527161255.0 | ||
| 008 | 181216s2017||||ge |||||||||||||| ||geo|| | ||
| 020 | _a9789941947858 | ||
| 040 | _cGE_BSU | ||
| 041 | _ageo | ||
| 080 | _a347.736.3(075.8)+343.535 მ-66 | ||
| 100 |
_aმიგრიაული, როინ _91056 |
||
| 245 |
_aშესავალი გაკოტრებისა და გადახდისუუნარობის სამართალში : _bდამხმ. სახელმძღვ. / _cროინ მიგრიაული. |
||
| 250 | _aმე-3 გადამუშავებული გამოცემა | ||
| 264 |
_aთბილისი : _bბონა კაუზა, _c2017. |
||
| 300 |
_a293 გვ. ; _c20 სმ |
||
| 490 | _aიურისტის ბიბლიოთეკა | ||
| 500 | _aწიგნის მიზანია, გზა გაუკვლიოს გაკოტრებისა და გადახდისუუნარიანობის სამართლით დაინტერესებულ პირებს მისი ფუნდამენტური პრინციპებისაკენ და მოამზადოს სათანადო საფუძვლები გაკოტრების სამართლის შემდგომი მეცნიერული კვლევისათვის | ||
| 541 | _h21ლ. | ||
| 546 | _aსათაური და სარჩევი ქართულ და ინგლისურ ენებზე | ||
| 653 | _aსამართალი | ||
| 942 |
_cBK _2udc |
||